000 00870nam a2200253 i 4500
001 bg
003 BPK
005 20220905095254.0
008 080724s1962 pl a f f |000 0 pol
015 _aPB 1962/5567
040 _aWA N
_cBPK
080 _a620.1
080 _a539.4
080 _a(075.8)
100 1 _aKurowski, Rajnold
_d(1889-1953)
_eAutor
245 1 0 _aZbiór zadań z wytrzymałości materiałów /
_cR. Kurowski, Z. Parszewski.
260 _aWarszawa :
_bPaństwowe Wydawnictwo Naukowe,
_c1962.
300 _a627, [1] s. :
_bil., err. ;
_c25 cm.
655 4 _aĆwiczenia i zadania dla szkół wyższych
650 4 _aWytrzymałość materiałów
700 1 _aParszewski, Zdzisław
_d(1924-1999)
_eAutor
856 _uhttp://koha.tu.koszalin.pl/cgi-bin/koha/opac-detail.pl?biblionumber=4866
_yKatalog online BPK
942 _2UKD
_cKS
999 _c4866
_d4866